Países más poblados que España - ¡Muerte súbita! - Estadísticas

Estadísticas generales
  • Esta prueba ha sido intentada 590 veces
  • La puntuación promedio es 7 de 20
Answers on the Grid
Answers color-coded by a green-red scale on the quiz's grid according to % correct below.
Alemania
Arabia Saudita
Argelia
Argentina
Australia
Bangladés
Canadá
Chile
Colombia
Corea del Norte
Corea del Sur
Etiopía
Filipinas
Francia
Irak
Irán
Italia
Japón
Kenia
Malasia
Marruecos
México
Myanmar
Níger
Pakistán
Perú
Polonia
Reino Unido
Sudáfrica
Tailandia
Tanzania
Uganda
Venezuela
Vietnam
Yemen
Zambia
 
Estadísticas de respuestas
Respuesta % Correcto
Alemania
89%
Francia
43%
Filipinas
41%
Japón
41%
México
40%
Bangladés
38%
Italia
38%
Etiopía
35%
Pakistán
35%
Reino Unido
35%
Irán
34%
Colombia
31%
Corea del Sur
28%
Vietnam
28%
Sudáfrica
27%
Tailandia
26%
Kenia
20%
Tanzania
18%
Myanmar
14%
Uganda
11%
No se encontraron pruebas coincidentes
Distribución de puntuación
Porcentaje de gente con cada puntuación
Porcentaje por número respondido
Historial de tus puntuaciones
No has intentado esta prueba.